Top 15 meilleur nation du football masculin - Statistiques

Statistiques générales
  • Ce quiz a été pris 289 fois
  • Le résultat moyen est 13 sur 15
Statistiques - réponses
Hint Réponse % Correct
2 France
100%
1 Argentine
99%
5 Brésil
99%
8 Espagne
97%
4 Angleterre
94%
9 Italie
94%
6 Portugal
92%
3 Belgique
90%
7 Pays-bas
86%
13 Maroc
85%
10 Croatie
79%
15 Uruguay
73%
11 États-Unis
69%
14 Mexique
68%
12 Colombie
57%
Aucun quiz correspondant
Distribution des résultats
% des personnes avec chaque résultat
Percentile par nombre de réponses
Votre historique - résultats
Vous n’avez pas pris ce quiz